[Event "IECC M email"]
[Site "IECC email"]
[Date "2003.06.29"]
[Round "?"]
[White "Bessonov, Yevgeni"]
[Black "Worland, Richard"]
[Result "1-0"]
[WhiteElo "1168"]
[BlackElo "1160"]
[PlyCount "75"]
[EventDate "2003.??.??"]
[EventType "tourn (corr)"]
[EventRounds "6"]
[SourceTitle "Corr 2008"]
[Source "ChessBase"]
[SourceDate "2008.06.24"]
[SourceVersion "1"]
[SourceVersionDate "2008.06.24"]
[SourceQuality "1"]

1. e4 e5 2. Nf3 d6 3. d4 exd4 4. Nxd4 d5 5. exd5 Qxd5 6. Bf4 Qe4+ 7. Qe2 Bb4+ 8. c3 Qxe2+ 9. Bxe2 Bc5 10. Nb5 Bb6 11. Bxc7 Na6 12. Bxb6 axb6 13. Nd2 Nf6 14. Nc4 Be6 15. Nxb6 Rb8 16. Nd4 0-0 17. Nxe6 fxe6 18. Rd1 Nc5 19. 0-0 Kf7 20. f3 Rbd8 21. Bc4 Na6 22. Rfe1 Rxd1 23. Rxd1 Ke7 24. g3 g5 25. a4 Rd8 26. Rxd8 Kxd8 27. Bxe6 Nc5 28. Nd5 Nxd5 29. Bxd5 Nxa4 30. Bxb7 Nxb2 31. Kf2 Nd1+ 32. Ke2 Nxc3+ 33. Ke3 Ke7 34. Be4 h5 35. Bg6 Nd5+ 36. Ke4 Ke6 37. Bf5+ Kf6 38. Kxd5 1-0

[Event "IECC M email"]
[Site "IECC email"]
[Date "2001.09.15"]
[Round "?"]
[White "Bessonov, Yevgeni"]
[Black "Hiaja, Herve"]
[Result "1/2-1/2"]
[WhiteElo "1163"]
[BlackElo "1296"]
[PlyCount "71"]
[EventDate "2001.??.??"]
[EventType "tourn (corr)"]
[EventRounds "6"]
[SourceTitle "Corr 2008"]
[Source "ChessBase"]
[SourceDate "2008.06.24"]
[SourceVersion "1"]
[SourceVersionDate "2008.06.24"]
[SourceQuality "1"]

1. e4 e5 2. Nf3 Nc6 3. Nc3 Bc5 4. Bc4 d6 5. h3 Be6 6. Bxe6 fxe6 7. d3 Nf6 8. b3 Qe7 9. Bb2 Bb6 10. 0-0 h6 11. Na4 g5 12. Nxb6 axb6 13. Qe2 g4 14. hxg4 Nxg4 15. d4 0-0-0 16. d5 exd5 17. exd5 Nb4 18. Qe4 Rhg8 19. Qxb4 Rdf8 20. Qe4 Rf4 21. Qd3 Qf7 22. Nh2 Nxh2 23. Kxh2 Rh4+ 24. Kg1 Qh5 25. f3 Rh2 26. Kf2 Rgxg2+ 27. Ke1 Rxc2 28. Bc1 Qh4+ 29. Kd1 Rcf2 30. Rg1 Rhg2 31. Re1 Qg3 32. Bxh6 Rxf3 33. Be3 Qg4 34. Kc1 Qb4 35. Kd1 Qg4 36. Kc1 1/2-1/2

[Event "IECC KO email"]
[Site "IECC email"]
[Date "1999.12.02"]
[Round "?"]
[White "Boho, Andrew"]
[Black "Bessonov, Yevgeni"]
[Result "1-0"]
[WhiteElo "1048"]
[BlackElo "1137"]
[PlyCount "41"]
[EventDate "1999.??.??"]
[EventType "tourn (corr)"]
[EventRounds "6"]
[SourceTitle "Corr 2008"]
[Source "ChessBase"]
[SourceDate "2008.06.24"]
[SourceVersion "1"]
[SourceVersionDate "2008.06.24"]
[SourceQuality "1"]

1. e4 c6 2. d4 d5 3. Nc3 dxe4 4. Nxe4 Nd7 5. Bc4 Ngf6 6. Ng5 e6 7. Qe2 Nb6 8. Bb3 h6 9. N5f3 c5 10. dxc5 Bxc5 11. Ne5 Nbd7 12. Ngf3 Qc7 13. Nxf7 0-0 14. Nxh6+ gxh6 15. Bxh6 Re8 16. 0-0-0 Ng4 17. Qe4 Ndf6 18. Qg6+ Kh8 19. Ne5 Nxh6 20. Rd7 Bxd7 21. Qxf6+ 1-0

[Event "IECC KO email"]
[Site "IECC email"]
[Date "1999.10.20"]
[Round "?"]
[White "Bessonov, Yevgeni"]
[Black "Raeuchle, Walter"]
[Result "1/2-1/2"]
[WhiteElo "1090"]
[BlackElo "1231"]
[PlyCount "41"]
[EventDate "1999.??.??"]
[EventType "tourn (corr)"]
[EventRounds "6"]
[SourceTitle "Corr 2008"]
[Source "ChessBase"]
[SourceDate "2008.06.24"]
[SourceVersion "1"]
[SourceVersionDate "2008.06.24"]
[SourceQuality "1"]

1. c4 e5 2. Nc3 Bb4 3. Nf3 Bxc3 4. dxc3 Nc6 5. e3 Nf6 6. g3 0-0 7. Bg2 d6 8. 0-0 Re8 9. Re1 Bg4 10. Qc2 Nd7 11. b3 Nc5 12. b4 Nd7 13. b5 Ne7 14. Ng5 Bf5 15. Be4 Bxe4 16. Qxe4 Ng6 17. Nf3 Nc5 18. Qc2 e4 19. Nd4 Ne5 20. Ba3 Ncd3 21. Rf1 1/2-1/2

[Event "IECC M email"]
[Site "IECC email"]
[Date "1999.10.09"]
[Round "?"]
[White "Bessonov, Yevgeni"]
[Black "Lecrivain, Jean Paul"]
[Result "1-0"]
[WhiteElo "1096"]
[BlackElo "1013"]
[PlyCount "85"]
[EventDate "1999.??.??"]
[EventType "tourn (corr)"]
[EventRounds "6"]
[SourceTitle "Corr 2008"]
[Source "ChessBase"]
[SourceDate "2008.06.24"]
[SourceVersion "1"]
[SourceVersionDate "2008.06.24"]
[SourceQuality "1"]

1. c4 e5 2. Nc3 Bc5 3. Nf3 Nc6 4. g3 Nf6 5. Bg2 Ng4 6. 0-0 Nd4 7. a3 Nxf3+ 8. Bxf3 d6 9. Na4 Qf6 10. Nxc5 dxc5 11. e3 0-0 12. Bxg4 Bxg4 13. Qxg4 g6 14. Qd7 Qd8 15. Qxd8 Raxd8 16. Rd1 e4 17. b3 a5 18. a4 Rd3 19. Rb1 f5 20. Kf1 h5 21. Ba3 b6 22. Ke2 Rfd8 23. Rb2 Kf7 24. Rc1 Kf6 25. Rc3 R3d6 26. Rcc2 Kg5 27. f3 h4 28. gxh4+ Kxh4 29. fxe4 fxe4 30. Rb1 Rf8 31. Rf1 Rxf1 32. Kxf1 Rf6+ 33. Ke2 Kh3 34. d3 exd3+ 35. Kxd3 Rd6+ 36. Kc3 Rd1 37. e4 Re1 38. Kd3 g5 39. Rc1 Rxc1 40. Bxc1 g4 41. Bf4 Kg2 42. e5 Kf3 43. Bg3 1-0

[Event "IECC M email"]
[Site "IECC email"]
[Date "1999.10.07"]
[Round "?"]
[White "Harris, Andy"]
[Black "Bessonov, Yevgeni"]
[Result "1-0"]
[WhiteElo "1086"]
[BlackElo "1132"]
[PlyCount "41"]
[EventDate "1999.??.??"]
[EventType "tourn (corr)"]
[EventRounds "6"]
[SourceTitle "Corr 2008"]
[Source "ChessBase"]
[SourceDate "2008.06.24"]
[SourceVersion "1"]
[SourceVersionDate "2008.06.24"]
[SourceQuality "1"]

1. d4 c6 2. c3 d5 3. Nf3 e6 4. e3 Qb6 5. Bd3 c5 6. b3 Nc6 7. 0-0 Nf6 8. Ba3 Bd7 9. Nbd2 Be7 10. Rb1 Rc8 11. Bb2 0-0 12. a3 Bd6 13. c4 cxd4 14. exd4 Qc7 15. Re1 Rfe8 16. Ne5 b6 17. Rc1 h6 18. Ndf3 Qd8 19. Qd2 dxc4 20. Nxc4 Nd5 21. Nxd6 1-0

[Event "IECC KO email"]
[Site "IECC email"]
[Date "1999.10.07"]
[Round "?"]
[White "Hofmann, Andreas"]
[Black "Bessonov, Yevgeni"]
[Result "1-0"]
[WhiteElo "1107"]
[BlackElo "1114"]
[PlyCount "87"]
[EventDate "1999.??.??"]
[EventType "tourn (corr)"]
[EventRounds "6"]
[SourceTitle "Corr 2008"]
[Source "ChessBase"]
[SourceDate "2008.06.24"]
[SourceVersion "1"]
[SourceVersionDate "2008.06.24"]
[SourceQuality "1"]

1. d4 c6 2. c4 d5 3. Nc3 e6 4. Nf3 h6 5. e4 dxe4 6. Nxe4 Be7 7. Be2 Nf6 8. Nxf6+ Bxf6 9. 0-0 0-0 10. Ne5 Nd7 11. Bf4 Nxe5 12. Bxe5 Bxe5 13. dxe5 Qxd1 14. Rfxd1 b6 15. c5 b5 16. Rd6 Bb7 17. Rd7 Rab8 18. Rad1 a5 19. R1d3 a4 20. Bh5 Ba6 21. R3d6 Rb7 22. Rxb7 Bxb7 23. Rd7 Ba8 24. b4 axb3 25. axb3 g6 26. Bf3 Rc8 27. b4 Kf8 28. Be4 Ke8 29. Ra7 Rd8 30. Kf1 Kf8 31. Ke2 Kg7 32. Ke3 Rc8 33. g4 g5 34. f4 Kg8 35. f5 exf5 36. Bxf5 Rb8 37. Bd7 Bb7 38. h3 Kf8 39. Ke4 Kg8 40. Kf5 Kg7 41. e6 fxe6+ 42. Kxe6 Kg6 43. Kd6 Kf6 44. Kc7 1-0

[Event "IECC M email"]
[Site "IECC email"]
[Date "1999.09.30"]
[Round "?"]
[White "Bessonov, Yevgeni"]
[Black "Copin, Jean Christophe"]
[Result "1/2-1/2"]
[WhiteElo "1075"]
[BlackElo "1085"]
[PlyCount "117"]
[EventDate "1999.??.??"]
[EventType "tourn (corr)"]
[EventRounds "6"]
[SourceTitle "Corr 2008"]
[Source "ChessBase"]
[SourceDate "2008.06.24"]
[SourceVersion "1"]
[SourceVersionDate "2008.06.24"]
[SourceQuality "1"]

1. e4 e5 2. Nf3 Nc6 3. Bc4 Bc5 4. 0-0 Nf6 5. Nc3 Nd4 6. Nxe5 0-0 7. h3 Ne6 8. Nf3 Nxe4 9. Bxe6 Bxf2+ 10. Rxf2 Nxf2 11. Bxf7+ Rxf7 12. Kxf2 d5 13. d4 Be6 14. Kg1 c6 15. Ng5 Qf6 16. Nxf7 Bxf7 17. Be3 Rf8 18. Qf1 Qg6 19. Qd3 Qxd3 20. cxd3 Bg6 21. Rf1 Rxf1+ 22. Kxf1 Bxd3+ 23. Kf2 b5 24. b4 Kf7 25. g3 Kf6 26. Bf4 Kf5 27. Ke3 Bc4 28. a3 g5 29. Be5 Bf1 30. h4 Kg4 31. hxg5 Kxg5 32. Kf3 h5 33. a4 a6 34. a5 Bh3 35. Ne2 Bg4+ 36. Ke3 Bxe2 37. Kxe2 Kg4 38. Ke3 Kf5 39. Kf3 Kg5 40. g4 hxg4+ 41. Kg3 Kf5 42. Kh4 Ke4 43. Kxg4 Kd3 44. Kf5 Kc4 45. Ke6 Kxb4 46. Kd6 Kc4 47. Kxc6 b4 48. Bd6 b3 49. Ba3 Kxd4 50. Kb6 Kc3 51. Kxa6 d4 52. Kb5 d3 53. a6 b2 54. Bxb2+ Kxb2 55. a7 d2 56. a8Q d1Q 57. Qa5 Qb3+ 58. Qb4 Qxb4+ 59. Kxb4 1/2-1/2

[Event "IECC M email"]
[Site "IECC email"]
[Date "1999.09.30"]
[Round "?"]
[White "Copin, Jean Christophe"]
[Black "Bessonov, Yevgeni"]
[Result "1/2-1/2"]
[WhiteElo "1085"]
[BlackElo "1088"]
[PlyCount "130"]
[EventDate "1999.??.??"]
[EventType "tourn (corr)"]
[EventRounds "6"]
[SourceTitle "Corr 2008"]
[Source "ChessBase"]
[SourceDate "2008.06.24"]
[SourceVersion "1"]
[SourceVersionDate "2008.06.24"]
[SourceQuality "1"]

1. e4 c6 2. d4 d5 3. Nc3 dxe4 4. Nxe4 Nd7 5. Bc4 Ngf6 6. Ng5 e6 7. Qe2 Nb6 8. N1f3 h6 9. Nxf7 Kxf7 10. Ne5+ Ke8 11. Ng6 Nxc4 12. Qxc4 Rg8 13. Be3 Qd5 14. Ne5 Qxc4 15. Nxc4 Be7 16. 0-0-0 Nd5 17. Ne5 Nxe3 18. fxe3 Bf6 19. h4 Bxe5 20. dxe5 Bd7 21. g4 Rd8 22. Rd3 Bc8 23. Rd6 Rxd6 24. exd6 Kd7 25. Rd1 Rd8 26. e4 e5 27. g5 h5 28. g6 Ke6 29. c4 Rxd6 30. Rf1 Ke7 31. Rf7+ Ke8 32. Rxg7 Kf8 33. Rh7 Rxg6 34. Rxh5 Rg1+ 35. Kc2 Be6 36. b3 Rg2+ 37. Kb1 Rg4 38. Rxe5 Rxe4 39. Rxe4 Bf5 40. Kb2 Bxe4 41. a4 b6 42. b4 Kg7 43. Kc3 Kg6 44. Kd4 Bg2 45. c5 bxc5+ 46. Kxc5 Kh5 47. Kd6 a6 48. Kc5 Kg4 49. Kb6 Kf5 50. Kxa6 Ke5 51. Kb6 Kd5 52. a5 Kc4 53. a6 Kxb4 54. a7 c5 55. h5 c4 56. h6 c3 57. h7 c2 58. h8Q c1Q 59. Qd4+ Ka3 60. Qd3+ Ka2 61. Qe2+ Qb2+ 62. Qxb2+ Kxb2 63. Kc7 Bf3 64. Kb8 Kc3 65. a8Q Bxa8 1/2-1/2

[Event "IECC M email"]
[Site "IECC email"]
[Date "1999.09.26"]
[Round "?"]
[White "Bessonov, Yevgeni"]
[Black "Burke, Michael"]
[Result "1/2-1/2"]
[WhiteElo "1007"]
[BlackElo "1231"]
[PlyCount "65"]
[EventDate "1999.??.??"]
[EventType "tourn (corr)"]
[EventRounds "6"]
[SourceTitle "Corr 2008"]
[Source "ChessBase"]
[SourceDate "2008.06.24"]
[SourceVersion "1"]
[SourceVersionDate "2008.06.24"]
[SourceQuality "1"]

1. e4 e6 2. d4 d5 3. Nc3 Bb4 4. e5 c5 5. Bd2 Bxc3 6. Bxc3 cxd4 7. Bxd4 Nc6 8. Nf3 Nxd4 9. Nxd4 Ne7 10. Bd3 Nc6 11. c3 Nxe5 12. Bc2 b6 13. 0-0 0-0 14. Re1 f6 15. f4 Nc4 16. Qd3 g6 17. b3 Na3 18. Rxe6 Nxc2 19. Qxc2 Qc7 20. Qd2 Bxe6 21. Nxe6 Qd6 22. Nxf8 Rxf8 23. Re1 Kg7 24. Qe3 f5 25. Qe7+ Qxe7 26. Rxe7+ Rf7 27. Rxf7+ Kxf7 28. Kf2 h6 29. h4 Kf6 30. Kf3 g5 31. fxg5+ hxg5 32. hxg5+ Kxg5 33. g3 1/2-1/2

[Event "IECC M email"]
[Site "IECC email"]
[Date "1999.09.24"]
[Round "?"]
[White "Bessonov, Yevgeni"]
[Black "Beardmore, Chris"]
[Result "1-0"]
[WhiteElo "1150"]
[BlackElo "990"]
[PlyCount "111"]
[EventDate "1999.??.??"]
[EventType "tourn (corr)"]
[EventRounds "6"]
[SourceTitle "Corr 2008"]
[Source "ChessBase"]
[SourceDate "2008.06.24"]
[SourceVersion "1"]
[SourceVersionDate "2008.06.24"]
[SourceQuality "1"]

1. e4 e6 2. d4 Nf6 3. Nc3 Bb4 4. Bd3 d5 5. e5 Nc6 6. exf6 gxf6 7. Bd2 h5 8. Nf3 Rg8 9. 0-0 e5 10. dxe5 fxe5 11. Re1 f6 12. Bb5 Qd7 13. Nd4 Qg7 14. g3 Bd7 15. Nxc6 bxc6 16. Ba4 h4 17. Qh5+ Kd8 18. Qxh4 d4 19. Ne4 Be7 20. Qh6 Qxh6 21. Bxh6 f5 22. Nd2 f4 23. Rxe5 Bf6 24. Re4 c5 25. Bxd7 Kxd7 26. Bxf4 Rab8 27. b3 d3 28. c3 Bxc3 29. Rd1 Rb6 30. Nb1 Bb2 31. Rxd3+ Kc6 32. Be5 Bc1 33. Rd1 Bh6 34. Bf4 Bg7 35. Re7 Ra6 36. Rxc7+ Kb5 37. Na3+ Kb4 38. Nc2+ Kc3 39. Rxc5+ Kb2 40. Bc1+ Kxa2 41. Nb4+ Kxb3 42. Nxa6 Ka4 43. Rg5 Kb3 44. Rd7 Kc2 45. Rgxg7 Re8 46. Be3 Re6 47. Rc7+ Kd3 48. Rgd7+ Ke4 49. Nc5+ Kf5 50. Nxe6 Kxe6 51. Rd4 Ke5 52. Rc5+ Ke6 53. Bf4 Kf6 54. Rd6+ Kg7 55. Rc7+ Kf8 56. Rd8# 1-0

[Event "IECC KO email"]
[Site "IECC email"]
[Date "1999.09.19"]
[Round "?"]
[White "Bessonov, Yevgeni"]
[Black "Veenendaal, Peter"]
[Result "1/2-1/2"]
[WhiteElo "1055"]
[BlackElo "1689"]
[PlyCount "59"]
[EventDate "1999.??.??"]
[EventType "tourn (corr)"]
[EventRounds "6"]
[SourceTitle "Corr 2008"]
[Source "ChessBase"]
[SourceDate "2008.06.24"]
[SourceVersion "1"]
[SourceVersionDate "2008.06.24"]
[SourceQuality "1"]

1. e4 e5 2. Nf3 Nf6 3. Nxe5 d6 4. Nf3 Nxe4 5. d4 d5 6. Bd3 Bd6 7. 0-0 0-0 8. c4 c6 9. cxd5 cxd5 10. Nc3 Nxc3 11. bxc3 f5 12. Qc2 Nc6 13. Re1 Qd7 14. h3 h6 15. Bd2 b6 16. c4 Bb7 17. cxd5 Ne7 18. Ne5 Bxe5 19. Rxe5 Rf7 20. Rae1 Rc8 21. Qb1 Bxd5 22. a4 Ba8 23. a5 bxa5 24. Bxa5 Qxd4 25. Bxf5 Nxf5 26. Rxf5 Rxf5 27. Qxf5 Rf8 28. Qe6+ Kh8 29. Qa2 Qd5 30. Qxd5 1/2-1/2

[Event "IECC KO email"]
[Site "IECC email"]
[Date "1999.09.19"]
[Round "?"]
[White "Veenendaal, Peter"]
[Black "Bessonov, Yevgeni"]
[Result "1-0"]
[WhiteElo "1689"]
[BlackElo "1007"]
[PlyCount "39"]
[EventDate "1999.??.??"]
[EventType "tourn (corr)"]
[EventRounds "6"]
[SourceTitle "Corr 2008"]
[Source "ChessBase"]
[SourceDate "2008.06.24"]
[SourceVersion "1"]
[SourceVersionDate "2008.06.24"]
[SourceQuality "1"]

1. e4 c6 2. d4 d5 3. exd5 cxd5 4. Nf3 Bf5 5. Bb5+ Nc6 6. 0-0 Qb6 7. Nc3 h6 8. Nxd5 Qd8 9. Bxc6+ bxc6 10. Ne3 Bd7 11. Ne5 e6 12. Qf3 Nf6 13. Nxc6 Qc8 14. Ne5 Be7 15. Nxd7 Nxd7 16. c3 0-0 17. Bd2 Nf6 18. Ng4 Nxg4 19. Qxg4 Qc6 20. Bxh6 1-0

[Event "IECC M email"]
[Site "IECC email"]
[Date "1999.09.16"]
[Round "?"]
[White "Marlow, Richard"]
[Black "Bessonov, Yevgeni"]
[Result "0-1"]
[WhiteElo "986"]
[BlackElo "1088"]
[PlyCount "78"]
[EventDate "1999.??.??"]
[EventType "tourn (corr)"]
[EventRounds "6"]
[SourceTitle "Corr 2008"]
[Source "ChessBase"]
[SourceDate "2008.06.24"]
[SourceVersion "1"]
[SourceVersionDate "2008.06.24"]
[SourceQuality "1"]

1. d4 c6 2. e4 d5 3. e5 Bf5 4. f4 e6 5. Nf3 a6 6. Bd3 Ne7 7. Nc3 Bxd3 8. Qxd3 Nf5 9. g3 Qb6 10. Ne2 Nd7 11. g4 Nh6 12. h3 c5 13. Be3 c4 14. Qc3 Bb4 15. 0-0 Bxc3 16. Nxc3 Qxb2 17. Bd2 Qb6 18. Rab1 Qc6 19. g5 Nf5 20. h4 Rb8 21. Rbe1 Nb6 22. Re2 Na4 23. Ra1 Nxc3 24. Bxc3 Qa4 25. Ne1 Nxh4 26. Re3 Nf5 27. Rf3 g6 28. Kf2 Qb5 29. Ke2 Qb6 30. a3 Nxd4+ 31. Bxd4 Qxd4 32. c3 Qe4+ 33. Kf2 h6 34. Rd1 hxg5 35. fxg5 Ke7 36. a4 Rh2+ 37. Ng2 Qc2+ 38. Kg3 Qxg2+ 39. Kf4 Rh4+ 0-1

[Event "IECC Trio 777 email"]
[Site "IECC email"]
[Date "1999.08.08"]
[Round "?"]
[White "Brand, Andrew"]
[Black "Bessonov, Yevgeni"]
[Result "1/2-1/2"]
[WhiteElo "986"]
[BlackElo "1042"]
[PlyCount "28"]
[EventDate "1999.??.??"]
[EventType "tourn (corr)"]
[EventRounds "4"]
[SourceTitle "Corr 2008"]
[Source "ChessBase"]
[SourceDate "2008.06.24"]
[SourceVersion "1"]
[SourceVersionDate "2008.06.24"]
[SourceQuality "1"]

1. e4 c6 2. d4 d5 3. exd5 cxd5 4. Bd3 Nc6 5. Bf4 Nf6 6. c3 e6 7. Qb3 Nh5 8. Bg3 Nxg3 9. hxg3 Bd6 10. Qd1 h6 11. Qh5 0-0 12. f4 Qe8 13. Nd2 Bd7 14. Qg4 e5 1/2-1/2